LEADER 00814nam0-22002891i-450- 001 990006493020403321 005 20001010 035 $a000649302 035 $aFED01000649302 035 $a(Aleph)000649302FED01 035 $a000649302 100 $a20001010d--------km-y0itay50------ba 101 0 $aita 105 $ay-------001yy 200 1 $a<>Theory and Practice of African Politics$fChristian P. Potholm 210 $aEnglewood Cliffs$cPrentice-Hall$d1979. 215 $aXII, 307 p.$d22 cm 676 $a320.96 700 1$aPotholm,$bChristian P.$0244422 801 0$aIT$bUNINA$gRICA$2UNIMARC 901 $aBK 912 $a990006493020403321 952 $aXIV E 1651$b16760$fFSPBC 959 $aFSPBC 996 $aTheory and Practice of African Politics$9653730 997 $aUNINA DB $aGEN01 LEADER 01437nam 2200481 450 001 9910792558903321 005 20230808201237.0 010 $a0-7603-5090-6 035 $a(CKB)3710000001010624 035 $a(MiAaPQ)EBC4780847 035 $a(Au-PeEL)EBL4780847 035 $a(CaPaEBR)ebr11328062 035 $a(CaONFJC)MIL986170 035 $a(OCoLC)968736780 035 $a(EXLCZ)993710000001010624 100 $a20170120h20162016 uy 0 101 0 $aeng 135 $aurcnu|||||||| 181 $ctxt$2rdacontent 182 $cc$2rdamedia 183 $acr$2rdacarrier 200 10$aDIY solar projects $esmall projects to whole-home systems : tap into the sun /$fEric W. Smith, Philip Schmidt, Troy Wanek 205 $aUpdated edition. 210 1$aMinneapolis, Minnesota :$cCool Springs Press,$d2016. 210 4$dİ2016 215 $a1 online resource (195 pages) $ccolor illustrations 300 $aIncludes index. 311 $a1-59186-664-2 606 $aSolar houses$vAmateurs' manuals 606 $aPhotovoltaic power generation 615 0$aSolar houses 615 0$aPhotovoltaic power generation. 676 $a644 700 $aSmith$b Eric W.$061245 702 $aSchmidt$b Philip 702 $aWanek$b Troy 801 0$bMiAaPQ 801 1$bMiAaPQ 801 2$bMiAaPQ 906 $aBOOK 912 $a9910792558903321 996 $aDIY solar projects$93715608 997 $aUNINA